M. Erich Laxmann`s - Predigers bey der deutschen Gemeine zu Barnaul, auf den Kolywanischen Bergwerken in Sibirien Sibirische Briefe

Bibliografski detalji
Glavni autor: Laxmann E. Erich
Daljnji autori: Schlözer A. L. August Ludwig (редактор)
Sažetak:В описании используется грамматика 18 века
Напечатано готическим шрифтом
На дом не выдается
Not_Home
Jezik:njemački
Izdano: Göttingen und Gotha, Johann Christian Dieterich, 1769
Teme:
Format: Knjiga
KOHA link:https://koha.lib.tpu.ru/cgi-bin/koha/opac-detail.pl?biblionumber=377333

MARC

LEADER 00000nam0a2200000 4500
001 377333
005 20231102012914.0
035 |a (RuTPU)RU\TPU\retro\34782 
090 |a 377333 
100 |a 20230221d1769 m y0gery50 ba 
101 0 |a ger 
102 |a DE 
105 |a y z 000zy 
140 |a y y ia hayba0001  
141 |5 63413507  |a g a0cc  
200 1 |a M. Erich Laxmann`s - Predigers bey der deutschen Gemeine zu Barnaul, auf den Kolywanischen Bergwerken in Sibirien Sibirische Briefe  |f E. Laxmann  |g herausgegeben von A. L. Schlözer 
210 |a Göttingen und Gotha  |c Johann Christian Dieterich  |d 1769 
215 |a 108 S. 
300 |a В описании используется грамматика 18 века 
300 |a Напечатано готическим шрифтом 
300 |a На дом не выдается 
316 |5 63413507: 71//13  |a На форзаце печатный экслибрис: "Библиотека С. Н. Кулибина" 
316 |5 63413507: 71//13  |a На обложке надпись на иностранном языке 
317 |5 63413507: 70//13  |a Поступил в НТБ в 1900 г. в составе книжного собрания С. Н. Кулибина 
371 0 |a Not_Home 
541 1 |a Письма из Сибири М. Эриха Лаксмана - проповедника немецкой общины в Барнауле, на Колыванских рудниках в Сибири  |z ger 
606 1 |a Рудные (металлоносные) месторождения  |2 stltpush  |3 (RuTPU)RU\TPU\subj\26025  |9 50044 
610 1 |a Колывань 
610 1 |a Колыванское озеро 
610 1 |a рудники 
610 1 |a рудные месторождения 
610 1 |a Алтай 
610 1 |a Сибирь 
610 1 |a горнорудное производство 
610 1 |a горнорудные работы 
610 1 |a горнорудные территории 
610 1 |a Библиотека Кулибиных 
610 1 |a книжные памятники 
610 1 |a дары библиотеке 
610 1 |a владельческие знаки 
610 1 |a немецкий язык 
675 |a 553.3/.4  |v 3 
700 1 |a Laxmann  |b E.  |g Erich 
702 1 |a Schlözer  |b A. L.  |g August Ludwig  |4 340 
801 1 |a RU  |b 63413507  |c 20230221 
801 2 |a RU  |b 63413507  |c 20230628  |g RCR 
942 |c BK